000 00256nam a22000977a 4500
999 _c529008
_d529008
082 _aSNT A72 B11
100 _aKarna, Binay
_950622
245 _aLucent's General Knowledge 2024
_bby Binay Karna
260 _aPatna
_bLucent Publication
_c2007
300 _a410p.